| 000 | 00403 a2200145 4500 | ||
|---|---|---|---|
| 040 |
_aDLC _bDLC |
||
| 082 | _a005.4469 | ||
| 100 | _aRed, Hat | ||
| 245 |
_aRed hat linux 9 : red hat linux reference guide _hHat, Red. |
||
| 260 |
_a USA: _bRed Hat, Inc., _c2003. |
||
| 300 | _aviii, 285 p. | ||
| 500 | _aIncludes Index | ||
| 650 | _a1.Linux 2.operating systems (computers) | ||
| 942 |
_cBK _k005.4469 RED _2ddc |
||
| 999 |
_c6298 _d6298 |
||